000 00186nam a2200073Ia 4500
008 180219s9999 xx 000 0 und d
100 _aSurfeet Florence
245 0 _aChild In Home And School
260 _aNew Delhi Sonali
999 _c41337
_d41337